1144 1306 1043 1190 1254 1647 1317 1917 1348 1761 1001 1167 1359 1548 1586 1981 1714 1394 1633 1086 1087 1345 1637 1871 1602 1586 1216 1617 1812 1876 1193 1129 1143 1666 1106 1663 1485 1598 1270 1106 1100 1475 1445 1893 1257 1655 1625 1358 1307 1545 1777 1608 1216 1383 1674 1358 1182 1092 1926 1884 1753 1634 1323 1146 1016 1044 1899 1054 1857 1601 1928 1306 1792 1736 1383 1901 1158 1513 1526 1112 1350 1334 1808 1364 1826 1196 1925 1863 1901 1434 1218 1419 1868 1858 1591 1936 1126 1191 1658 BCNSPRNW ULIB Ver.6.0+V

เปลี่ยนเป็นภาษาไทย

Change to English
 แสดงรายละเอียดบรรณานุกรม
  กลับหน้าหลัก

Brief Record : Get Marc (ISO 2709) : E-mail record : QR code < ปิดหน้าต่าง
LEADER : 00000nam 2200000uu 4500
001    13399128511
003     ULIB
008    230830s2565||||th 000 0 tha d
020    ^a9786161851859
050  0 ^aนว^bพ859ห
100 1  ^aแพทริก, ฟาเอดรา
245 10 ^aห้องสมุดแห่งการสูญหายและค้นพบ =^bThe library of lost and found/^cฟาเอดรา แพทริก, เขียน ; อภิญญา ธโนปจัย, แปล
246 31 ^aThe library of lost and found
250    ^aพิมพ์ครั้งที่ 1
260    ^aกรุงเทพฯ :^bพิคโคโล,^c2565
300    ^a381 หน้า ;^c20 ซม.
650  4 ^aนวนิยายอเมริกัน
650  4 ^aนวนิยายแปล
700 0  ^aอภิญญา ธโนปจัย,^eผู้แปล
700 12 ^aPatrick, Phaedra.^tThe library of lost and found
945    ^p395^l0^i010279
999    ^aประนอม เกษจรัล
รายการนี้ยังไม่มีแท็ก
คุณยังไม่ได้ล็อกอิน คุณสามารถมีกิจกรรมร่วมกับเว็บไซต์ได้ แต่ต้องล็อกอินก่อน ::
  ล็อกอิน

รายการสื่อสารสนเทศ

ลำดับที่ ประเภท เลขเรียก/บาร์โค้ด สถานที่ สถานะ
1. นวนิยาย
นวนิยาย
นว พ859ห ฉ.1 
  Barcode: 010279
ห้องสมุดวิทยาเขตสวรรค์ประชารักษ์
►หนังสือทั่วไป
บนชั้น

รายการใกล้เคียง
    หัวเรื่อง [นวนิยายอเมริกัน]

BibComment


ยังไม่เคยถูกคอมเมนท์

คอมเมนท์ทรัพยากรรายการนี้
  คอมเมนท์: ห้องสมุดแห่งการส..


 Copyright 2026. Bcnsprnw @Library